[Event "Senior Women Russian Championship 2022_HL"]
[Site "Saint-Petersburg, Russia"]
[Date "2022.09.26"]
[Round "3.6"]
[White "Kapelkina, Galina"]
[Black "Kozlovskaya, Valentina"]
[Result "1/2-1/2"]
[TimeControl "Standard: 90min/40moves+30min/end+30sec increment per move starting from move 1"]
[WhiteElo "1644"]
[BlackElo "2067"]

1. d4 {[%clk 01:30:56]} d6 {[%clk 01:30:48]} 2. Nf3 {[%clk 01:31:03]} g6 {[%clk
01:31:00]} 3. c4 {[%clk 01:30:17]} Bg7 {[%clk 01:31:20]} 4. Nc3 {[%clk
01:30:30]} {[%emt 00:00:14]} Nf6 {[%clk 01:29:48]} {[%emt 00:02:02]} 5. e4
{[%clk 01:29:27]} {[%emt 00:01:31]} O-O {[%clk 01:30:09]} {[%emt 00:00:10]} 6.
Be2 {[%clk 01:26:47]} {[%emt 00:03:07]} c6 {[%clk 01:29:58]} {[%emt 00:00:44]}
7. O-O {[%clk 01:26:57]} {[%emt 00:00:20]} Na6 {[%clk 01:28:33]} {[%emt
00:01:56]} 8. Re1 {[%clk 01:21:01]} {[%emt 00:06:24]} Nc7 {[%clk 01:28:52]}
{[%emt 00:00:12]} 9. Bd2 {[%clk 01:20:14]} {[%emt 00:01:15]} Nfe8 {[%clk
01:22:35]} {[%emt 00:06:48]} 10. Bd3 {[%clk 01:17:55]} {[%emt 00:02:49]} e5
{[%clk 01:21:07]} {[%emt 00:01:58]} 11. Be3 {[%clk 01:15:19]} {[%emt 00:03:04]}
Qe7 {[%clk 01:19:18]} {[%emt 00:02:21]} 12. Rc1 {[%clk 01:14:50]} {[%emt
00:00:58]} Kh8 {[%clk 01:17:18]} {[%emt 00:02:31]} 13. dxe5 {[%clk 01:11:43]}
{[%emt 00:03:37]} dxe5 {[%emt 00:01:20]} 14. Qd2 {[%clk 01:06:46]} {[%emt
00:04:07]} Bg4 {[%clk 01:16:19]} {[%emt 00:01:58]} 15. Bh6 {[%clk 01:03:05]}
{[%emt 00:04:10]} Rd8 {[%clk 01:14:15]} {[%emt 00:02:36]} 16. Bxg7+ {[%clk
01:03:05]} {[%emt 00:00:30]} Kxg7 {[%clk 01:13:45]} {[%emt 00:01:00]} 17. Qe3
{[%clk 01:01:49]} {[%emt 00:01:45]} b6 {[%clk 01:08:57]} {[%emt 00:05:19]} 18.
Red1 {[%clk 00:59:04]} {[%emt 00:03:15]} Bxf3 {[%clk 01:04:58]} {[%emt
00:04:29]} 19. Qxf3 {[%clk 00:58:31]} {[%emt 00:01:02]} Qf6 {[%clk 01:03:43]}
{[%emt 00:01:45]} 20. Qe3 {[%clk 00:55:49]} {[%emt 00:03:12]} Ne6 {[%clk
01:03:48]} {[%emt 00:00:26]} 21. Ne2 {[%clk 00:55:27]} {[%emt 00:00:52]} N8c7
{[%clk 01:03:39]} {[%emt 00:00:39]} 22. Bc2 {[%clk 00:51:59]} {[%emt 00:03:58]}
Nd4 {[%clk 00:53:46]} {[%emt 00:10:23]} 23. Rd2 {[%clk 00:40:02]} {[%emt
00:12:23]} Nxe2+ {[%clk 00:52:27]} {[%emt 00:01:53]} 24. Qxe2 {[%clk 00:39:41]}
{[%emt 00:00:49]} Ne6 {[%clk 00:52:39]} {[%emt 00:00:20]} 25. Rxd8 {[%clk
00:35:42]} {[%emt 00:04:28]} Rxd8 {[%clk 00:53:07]} {[%emt 00:00:02]} 26. Rd1
{[%clk 00:27:01]} {[%emt 00:09:08]} Nd4 {[%clk 00:53:18]} {[%emt 00:00:22]} 27.
Qd3 {[%clk 00:25:15]} {[%emt 00:02:14]} h5 {[%clk 00:48:08]} {[%emt 00:05:42]}
28. Kf1 {[%clk 00:24:38]} {[%emt 00:01:07]} Qf4 {[%clk 00:46:05]} {[%emt
00:02:33]} 29. Qg3 {[%clk 00:21:45]} {[%emt 00:03:17]} Qxg3 {[%clk 00:44:55]}
{[%emt 00:01:45]} 30. hxg3 {[%clk 00:22:05]} {[%emt 00:00:10]} g5 {[%clk
00:42:00]} {[%emt 00:03:26]} 31. Ba4 {[%clk 00:18:39]} {[%emt 00:03:56]} Kf6
{[%clk 00:38:57]} {[%emt 00:03:32]} 32. Ke1 {[%clk 00:18:38]} {[%emt 00:00:31]}
Ke7 {[%clk 00:38:21]} {[%emt 00:01:07]} 33. Rd2 {[%clk 00:18:14]} {[%emt
00:00:53]} h4 {[%clk 00:35:49]} {[%emt 00:03:02]} 34. gxh4 {[%clk 00:16:23]}
{[%emt 00:02:21]} gxh4 {[%clk 00:36:16]} {[%emt 00:00:04]} 35. Rd3 {[%clk
00:16:11]} {[%emt 00:00:39]} Rg8 {[%clk 00:34:28]} {[%emt 00:02:21]} 36. Kf1
{[%clk 00:14:27]} {[%emt 00:02:12]} Rg4 {[%clk 00:33:50]} {[%emt 00:01:10]} 37.
f3 {[%clk 00:08:50]} {[%emt 00:06:06]} Rg3 {[%clk 00:32:29]} {[%emt 00:01:52]}
38. Kf2 {[%clk 00:08:45]} {[%emt 00:00:34]} Ne6 {[%clk 00:27:28]} {[%emt
00:05:32]} 39. Bxc6 {[%clk 00:07:54]} {[%emt 00:01:21]} Rxg2+ {[%clk 00:27:12]}
{[%emt 00:00:46]} 40. Kxg2 {[%clk 00:37:10]} {[%emt 00:01:13]} Nf4+ {[%clk
00:57:41]} 41. Kh2 {[%clk 00:36:31]} {[%emt 00:01:07]} Nxd3 {[%clk 00:57:55]}
{[%emt 00:00:20]} 42. Kh3 {[%clk 00:34:19]} {[%emt 00:02:39]} Nxb2 {[%clk
00:58:15]} {[%emt 00:00:12]} 43. Bd5 {[%clk 00:34:05]} {[%emt 00:00:44]} a5
{[%clk 00:52:00]} {[%emt 00:06:46]} 44. Kxh4 {[%clk 00:34:16]} {[%emt
00:00:19]} Kf6 {[%clk 00:49:25]} {[%emt 00:03:05]} 45. Kg4 {[%clk 00:34:11]}
{[%emt 00:00:33]} Nd3 {[%clk 00:49:41]} {[%emt 00:00:16]} 46. Kg3 {[%clk
00:31:30]} {[%emt 00:03:04]} Kg6 {[%clk 00:46:05]} {[%emt 00:04:12]} 47. Kg4
{[%clk 00:29:18]} {[%emt 00:02:40]} a4 {[%clk 00:44:17]} {[%emt 00:02:20]} 48.
a3 {[%clk 00:25:45]} {[%emt 102:04:05]} Kf6 {[%clk 00:31:49]} 49. Bc6 {[%clk
00:25:44]} {[%emt 00:00:30]} Nb2 {[%clk 00:30:46]} {[%emt 00:01:33]} 50. Bb5
{[%clk 00:22:54]} {[%emt 00:03:21]} Ke6 {[%clk 00:30:17]} {[%emt 00:00:59]} 51.
f4 {[%clk 00:22:56]} {[%emt 00:00:27]} exf4 {[%clk 00:26:51]} {[%emt 00:03:56]}
52. Kxf4 {[%clk 00:23:02]} {[%emt 00:00:24]} Nd3+ {[%clk 00:26:06]} {[%emt
00:01:16]} 53. Ke3 {[%clk 00:22:26]} {[%emt 00:01:03]} Nc5 {[%clk 00:26:00]}
{[%emt 00:00:39]} 54. Kd4 {[%clk 00:20:25]} {[%emt 00:02:29]} f6 {[%clk
00:24:52]} {[%emt 00:01:39]} 55. Be8 {[%clk 00:18:10]} {[%emt 00:02:43]} Kd6
{[%clk 00:24:37]} {[%emt 00:00:47]} 56. Bb5 {[%clk 00:17:58]} {[%emt 00:00:42]}
Ne6+ {[%clk 00:22:14]} {[%emt 00:02:54]} 57. Kc3 {[%clk 00:16:47]} {[%emt
00:01:40]} Nc5 {[%clk 00:22:02]} {[%emt 00:00:42]} 58. Kd4 {[%clk 00:16:09]}
{[%emt 00:01:07]} Ne6+ {[%clk 00:18:59]} {[%emt 00:03:34]} 59. Kc3 {[%clk
00:16:15]} {[%emt 00:00:24]} Ke5 {[%emt 00:00:07]} 1/2-1/2

[Event "Senior Women Russian Championship 2022_HL"]
[Site "Saint-Petersburg, Russia"]
[Date "2022.09.26"]
[Round "3.10"]
[White "Chernikova, Svetlana"]
[Black "Saunina, Ludmila"]
[Result "1/2-1/2"]
[TimeControl "Standard: 90min/40moves+30min/end+30sec increment per move starting from move 1"]
[WhiteElo "2008"]
[BlackElo "1902"]

1. e4 {[%clk 01:30:56]} c5 {[%clk 01:30:56]} 2. g3 {[%clk 01:31:18]} d5 {[%clk
01:31:21]} 3. exd5 Qxd5 {[%clk 01:31:47]} 4. Nf3 {[%clk 01:32:00]} Bg4 {[%clk
01:32:12]} 5. Bg2 {[%clk 01:32:10]} Qe6+ {[%clk 01:32:38]} 6. Kf1 {[%clk
01:32:07]} Bh3 {[%clk 01:33:02]} 7. d4 {[%clk 01:22:00]} {[%emt 00:09:57]} cxd4
{[%clk 01:32:25]} {[%emt 00:01:07]} 8. Nxd4 {[%clk 01:22:05]} {[%emt 00:00:25]}
Qd5 {[%clk 01:30:01]} {[%emt 00:02:54]} 9. Qf3 {[%clk 01:21:47]} {[%emt
00:00:47]} Qxf3 {[%clk 01:24:56]} {[%emt 00:05:35]} 10. Nxf3 {[%clk 01:21:58]}
{[%emt 00:00:19]} Bxg2+ {[%clk 01:25:21]} {[%emt 00:00:05]} 11. Kxg2 {[%clk
01:22:23]} {[%emt 00:00:04]} Nc6 {[%clk 01:25:38]} {[%emt 00:00:14]} 12. Bf4
{[%clk 01:18:06]} {[%emt 00:04:47]} Nf6 {[%clk 01:24:54]} {[%emt 00:01:14]} 13.
Nc3 {[%clk 01:18:03]} {[%emt 00:00:33]} a6 {[%clk 01:21:42]} {[%emt 00:03:43]}
14. Rad1 {[%clk 01:12:52]} {[%emt 00:05:41]} e6 {[%clk 01:19:58]} {[%emt
00:02:14]} 15. a3 {[%clk 01:09:36]} {[%emt 00:03:45]} Be7 {[%clk 01:19:02]}
{[%emt 00:01:26]} 16. Rhe1 {[%clk 00:59:07]} {[%emt 00:10:59]} O-O {[%clk
01:18:45]} {[%emt 00:00:47]} 17. Bc7 {[%clk 00:58:33]} {[%emt 00:01:03]} b5
{[%clk 01:17:51]} {[%emt 00:01:25]} 18. Ne5 {[%clk 00:56:58]} {[%emt 00:02:04]}
Nxe5 {[%clk 01:17:39]} {[%emt 00:00:42]} 19. Rxe5 {[%clk 00:47:08]} {[%emt
00:10:21]} Rfc8 {[%clk 01:10:55]} {[%emt 00:07:14]} 20. Ba5 {[%clk 00:45:58]}
{[%emt 00:01:40]} Rc4 {[%clk 01:09:19]} {[%emt 00:02:05]} 21. Re2 {[%clk
00:42:20]} {[%emt 00:04:08]} Rac8 {[%clk 01:07:17]} {[%emt 00:02:33]} 22. Red2
{[%clk 00:40:26]} {[%emt 00:02:24]} h6 {[%clk 01:05:03]} {[%emt 00:02:44]} 23.
Rd4 {[%clk 00:36:57]} {[%emt 00:03:59]} Kf8 {[%clk 01:01:37]} {[%emt 00:03:55]}
24. Rxc4 {[%clk 00:22:35]} {[%emt 00:14:53]} Rxc4 {[%clk 01:01:34]} {[%emt
00:00:33]} 25. Rd2 {[%clk 00:22:35]} {[%emt 00:00:30]} Ke8 {[%clk 01:01:25]}
{[%emt 00:00:39]} 26. f3 {[%clk 00:20:36]} {[%emt 00:02:31]} g6 {[%clk
00:58:01]} {[%emt 00:03:52]} 27. Kf2 {[%clk 00:16:36]} {[%emt 00:04:31]} h5
{[%clk 00:55:59]} {[%emt 00:02:31]} 28. Kg2 {[%clk 00:15:13]} {[%emt 00:01:54]}
Rc6 {[%clk 00:49:24]} {[%emt 00:07:05]} 29. Re2 {[%clk 00:09:39]} {[%emt
00:06:03]} Nd7 {[%clk 00:45:54]} {[%emt 00:04:00]} 30. Na2 {[%clk 00:07:03]}
{[%emt 00:03:07]} Bc5 {[%clk 00:37:16]} {[%emt 00:09:08]} 31. Bb4 {[%clk
00:04:24]} {[%emt 00:03:10]} Bd4 {[%clk 00:36:27]} {[%emt 00:01:18]} 32. Bc3
{[%clk 00:04:25]} {[%emt 00:00:28]} Bxc3 {[%clk 00:33:36]} {[%emt 00:03:22]} 33.
Nxc3 {[%clk 00:04:48]} {[%emt 00:00:06]} Nb6 {[%clk 00:33:56]} {[%emt
00:00:10]} 34. Ne4 {[%clk 00:03:44]} {[%emt 00:01:34]} Nc4 {[%clk 00:30:50]}
{[%emt 00:03:36]} 35. c3 {[%clk 00:03:27]} {[%emt 00:00:48]} Ke7 {[%clk
00:30:28]} {[%emt 00:00:52]} 36. f4 {[%clk 00:03:02]} {[%emt 00:00:55]} f6
{[%clk 00:28:41]} {[%emt 00:02:17]} 37. h4 {[%clk 00:02:46]} {[%emt 00:00:45]}
e5 {[%clk 00:25:22]} {[%emt 00:03:49]} 38. fxe5 {[%clk 00:02:58]} {[%emt
00:00:19]} Nxe5 {[%clk 00:25:47]} {[%emt 00:00:04]} 39. Nd2 {[%clk 00:02:10]}
{[%emt 00:01:18]} Re6 {[%clk 00:24:49]} {[%emt 00:01:28]} 40. Nb3 {[%clk
00:31:23]} {[%emt 00:01:18]} Nc4 {[%clk 00:53:45]} {[%emt 00:01:34]} 41. Rf2
{[%clk 00:23:08]} {[%emt 00:08:45]} Re3 {[%clk 00:45:04]} {[%emt 00:09:10]} 42.
Nd4 {[%clk 00:20:57]} {[%emt 102:02:42]} f5 {[%clk 00:41:07]} 43. Nc2 {[%clk
00:17:02]} {[%emt 00:04:25]} Rd3 {[%clk 00:37:23]} {[%emt 00:04:15]} 44. Re2+
{[%clk 00:12:39]} {[%emt 00:04:53]} Kf7 {[%clk 00:37:12]} {[%emt 00:00:41]} 45.
Nb4 {[%clk 00:12:26]} {[%emt 00:00:44]} Rd6 {[%clk 00:36:01]} {[%emt 00:01:39]}
46. b3 {[%clk 00:06:51]} {[%emt 00:06:05]} Nxa3 {[%clk 00:32:42]} {[%emt
00:03:48]} 47. Ra2 {[%clk 00:07:03]} {[%emt 00:00:19]} Nb1 {[%clk 00:30:52]}
{[%emt 00:02:20]} 48. c4 {[%clk 00:07:27]} {[%emt 00:00:06]} Rd2+ {[%clk
00:25:37]} {[%emt 00:05:45]} 49. Rxd2 {[%clk 00:07:35]} {[%emt 00:00:22]} Nxd2
{[%clk 00:26:03]} {[%emt 00:00:04]} 50. Nxa6 {[%clk 00:07:49]} {[%emt
00:00:17]} bxc4 {[%clk 00:26:18]} {[%emt 00:00:15]} 51. bxc4 {[%clk 00:08:10]}
{[%emt 00:00:09]} Nxc4 {[%clk 00:26:45]} {[%emt 00:00:03]} 52. Nc5 {[%clk
00:07:54]} {[%emt 00:00:45]} Ne5 {[%clk 00:26:53]} {[%emt 00:00:22]} 53. Kf2
{[%clk 00:07:17]} {[%emt 00:01:08]} Kf6 {[%clk 00:25:29]} {[%emt 00:01:54]} 54.
Ke3 {[%clk 00:07:09]} {[%emt 00:00:37]} g5 {[%clk 00:25:44]} {[%emt 00:00:14]}
55. hxg5+ {[%clk 00:05:29]} {[%emt 00:02:11]} Kxg5 {[%clk 00:24:58]} {[%emt
00:01:16]} 56. Kf2 {[%clk 00:03:34]} {[%emt 00:02:25]} Kg4 {[%clk 00:25:16]}
{[%emt 00:00:12]} 57. Kg2 {[%clk 00:02:07]} {[%emt 00:01:57]} Nc4 {[%clk
00:25:24]} {[%emt 00:00:22]} 58. Nd3 {[%clk 00:01:57]} {[%emt 00:00:40]} Nd2
{[%clk 00:23:52]} {[%emt 00:02:02]} 59. Nf2+ {[%clk 00:02:07]} {[%emt
00:00:22]} Kg5 {[%clk 00:24:08]} {[%emt 00:00:13]} 60. Nh3+ {[%clk 00:02:28]}
{[%emt 00:00:09]} Kh6 {[%clk 00:23:23]} {[%emt 00:01:16]} 61. Nf4 {[%clk
00:02:25]} {[%emt 00:00:32]} Ne4 {[%clk 00:22:59]} {[%emt 4541:01:01]} 62. Kf3
{[%clk 00:02:28]} {[%emt 00:00:28]} Nf6 {[%clk 00:22:27]} {[%emt 00:01:02]} 63.
Nh3 {[%clk 00:02:03]} {[%emt 00:00:54]} Nd5 {[%clk 00:22:19]} {[%emt 00:00:38]}
64. Nf2 {[%clk 00:02:02]} {[%emt 00:00:31]} Kg5 {[%clk 00:22:18]} {[%emt
00:00:31]} 65. Nh3+ {[%clk 00:02:21]} {[%emt 00:00:12]} Kf6 {[%clk 00:22:41]}
{[%emt 00:00:06]} 66. Nf2 {[%clk 00:02:14]} {[%emt 00:00:37]} Ke5 {[%clk
00:23:02]} {[%emt 00:00:09]} 67. Nd3+ {[%clk 00:02:17]} {[%emt 00:00:27]} Kd4
{[%clk 00:22:53]} {[%emt 00:00:39]} 68. Nf4 {[%clk 00:02:15]} {[%emt 00:00:32]}
Nf6 {[%clk 00:22:50]} {[%emt 00:00:34]} 69. Nxh5 {[%clk 00:02:14]} {[%emt
00:00:31]} Nxh5 {[%clk 00:22:59]} {[%emt 00:00:21]} 70. g4 {[%clk 00:02:36]}
{[%emt 00:00:07]} Ke5 {[%clk 00:21:40]} {[%emt 00:00:06]} 71. Ke4+ 1/2-1/2

[Event "Senior Women Russian Championship 2022_HL"]
[Site "Saint-Petersburg, Russia"]
[Date "2022.09.26"]
[Round "3.1"]
[White "Fatalibekova, Elena"]
[Black "Ivanova, Tatiana"]
[Result "1/2-1/2"]
[TimeControl "Standard: 90min/40moves+30min/end+30sec increment per move starting from move 1"]
[WhiteElo "2140"]
[BlackElo "2127"]

1. e4 {[%clk 01:30:57]} d5 {[%clk 01:30:53]} 2. exd5 Qxd5 {[%clk 01:31:17]} 3.
Nc3 {[%clk 01:31:46]} Qd8 {[%clk 01:31:41]} 4. d4 {[%clk 01:32:01]} g6 {[%clk
01:32:04]} 5. h3 {[%clk 01:25:00]} {[%emt 00:05:58]} Bg7 {[%clk 01:31:14]}
{[%emt 00:01:20]} 6. Nf3 {[%clk 01:25:29]} {[%emt 00:00:01]} Nc6 {[%clk
01:28:35]} {[%emt 00:03:09]} 7. Be3 {[%clk 01:22:08]} {[%emt 00:03:50]} Nf6
{[%clk 01:26:53]} {[%emt 00:02:12]} 8. Qd2 {[%clk 01:20:08]} {[%emt 00:02:31]}
O-O {[%clk 01:23:25]} {[%emt 00:03:57]} 9. O-O-O {[%clk 01:19:43]} {[%emt
00:00:55]} Bf5 {[%clk 01:19:27]} {[%emt 00:04:29]} 10. Nh4 {[%clk 01:14:16]}
{[%emt 00:05:56]} Be4 {[%clk 01:09:15]} {[%emt 00:10:43]} 11. Nxe4 {[%clk
01:11:45]} {[%emt 00:03:00]} Nxe4 {[%clk 01:09:39]} {[%emt 00:00:06]} 12. Qd3
{[%clk 01:11:59]} {[%emt 00:00:16]} Nd6 {[%clk 01:07:59]} {[%emt 00:02:10]} 13.
Nf3 {[%clk 01:05:34]} {[%emt 00:06:55]} b5 {[%clk 01:03:54]} {[%emt 00:04:35]}
14. d5 {[%clk 01:04:52]} {[%emt 00:01:13]} Nb4 {[%clk 00:58:48]} {[%emt
00:05:35]} 15. Qb3 {[%clk 01:05:06]} {[%emt 00:00:16]} a5 {[%clk 00:59:02]}
{[%emt 00:00:17]} 16. Bd4 {[%clk 00:55:52]} {[%emt 00:09:44]} Bh6+ {[%clk
00:57:21]} {[%emt 00:02:11]} 17. Kb1 {[%clk 00:56:02]} {[%emt 00:00:20]} Nc4
{[%clk 00:55:11]} {[%emt 00:02:40]} 18. Bxc4 {[%clk 00:55:54]} {[%emt
00:00:37]} bxc4 {[%clk 00:55:36]} {[%emt 00:00:05]} 19. Qxc4 {[%clk 00:56:08]}
{[%emt 00:00:17]} Qxd5 {[%clk 00:54:37]} {[%emt 00:01:29]} 20. Qxd5 {[%clk
00:55:34]} {[%emt 00:01:03]} Nxd5 {[%clk 00:55:01]} {[%emt 00:00:06]} 21. Bc5
{[%clk 00:54:57]} {[%emt 00:01:07]} Rfd8 {[%clk 00:47:50]} {[%emt 00:07:40]} 22.
c4 {[%emt 00:15:32]} 1/2-1/2

[Event "Senior Women Russian Championship 2022_HL"]
[Site "Saint-Petersburg, Russia"]
[Date "2022.09.26"]
[Round "3.4"]
[White "Mednikova, Svetlana"]
[Black "Bogumil, Tatiana"]
[Result "1/2-1/2"]
[TimeControl "Standard: 90min/40moves+30min/end+30sec increment per move starting from move 1"]
[WhiteElo "2092"]
[BlackElo "2182"]

1. e4 {[%clk 01:30:58]} c5 {[%clk 01:30:33]} 2. Nf3 {[%clk 01:31:05]} d6 {[%clk
01:30:14]} 3. c3 {[%clk 01:23:11]} {[%emt 00:07:36]} Nc6 {[%clk 01:25:01]}
{[%emt 00:05:42]} 4. d4 {[%clk 01:21:41]} {[%emt 00:02:01]} cxd4 {[%clk
01:20:35]} {[%emt 00:04:55]} 5. cxd4 {[%clk 01:22:03]} {[%emt 00:00:09]} g6
{[%clk 01:17:58]} {[%emt 00:03:07]} 6. d5 {[%clk 01:20:39]} {[%emt 00:01:54]}
Ne5 {[%clk 01:16:21]} {[%emt 00:02:07]} 7. Nxe5 {[%clk 01:19:06]} {[%emt
00:02:03]} dxe5 {[%clk 01:16:46]} {[%emt 00:00:05]} 8. Nc3 {[%clk 01:18:38]}
{[%emt 00:00:58]} Bg7 {[%clk 01:07:53]} {[%emt 00:09:23]} 9. Be3 {[%clk
01:16:58]} {[%emt 00:02:10]} Nf6 {[%clk 01:07:02]} {[%emt 00:01:21]} 10. Be2
{[%clk 01:10:50]} {[%emt 00:06:37]} O-O {[%clk 01:07:09]} {[%emt 00:00:22]} 11.
O-O {[%clk 01:11:13]} {[%emt 00:00:10]} Ne8 {[%clk 01:05:35]} {[%emt 00:02:03]}
12. Rc1 {[%clk 01:06:53]} {[%emt 00:04:50]} Nd6 {[%clk 01:05:27]} {[%emt
00:00:38]} 13. f3 {[%clk 01:04:00]} {[%emt 00:03:23]} Bd7 {[%clk 01:02:29]}
{[%emt 00:03:29]} 14. a4 {[%clk 00:56:09]} {[%emt 00:08:20]} Qa5 {[%clk
00:59:12]} {[%emt 00:03:47]} 15. Qb3 {[%clk 00:50:05]} {[%emt 00:06:35]} Rfc8
{[%clk 00:52:33]} {[%emt 00:07:07]} 16. Qa3 {[%clk 00:48:59]} {[%emt 00:01:38]}
Bf8 {[%clk 00:46:42]} {[%emt 00:06:20]} 17. b4 {[%clk 00:47:38]} {[%emt
00:01:51]} Qd8 {[%clk 00:46:17]} {[%emt 00:00:56]} 18. Qb3 {[%clk 00:47:02]}
{[%emt 00:01:06]} b6 {[%clk 00:39:18]} {[%emt 00:07:31]} 19. Ba6 {[%clk
00:39:15]} {[%emt 00:08:15]} Rc7 {[%clk 00:39:17]} {[%emt 00:00:31]} 20. Na2
{[%clk 00:34:57]} {[%emt 00:04:48]} Rxc1 {[%clk 00:38:04]} {[%emt 00:01:43]} 21.
Rxc1 {[%clk 00:33:26]} {[%emt 00:02:00]} e6 {[%clk 00:36:34]} {[%emt 00:02:01]}
22. b5 {[%clk 00:31:22]} {[%emt 00:02:34]} exd5 {[%clk 00:36:07]} {[%emt
00:00:56]} 23. exd5 {[%clk 00:31:27]} {[%emt 00:00:26]} Nf5 {[%clk 00:35:37]}
{[%emt 00:01:01]} 24. Bf2 {[%clk 00:30:26]} {[%emt 00:01:29]} Bc8 {[%clk
00:32:25]} {[%emt 00:03:42]} 25. Rxc8 {[%clk 00:26:48]} {[%emt 00:04:09]} Rxc8
{[%clk 00:32:50]} {[%emt 00:00:05]} 26. Bxc8 {[%clk 00:27:13]} {[%emt
00:00:05]} Qxc8 {[%clk 00:33:18]} {[%emt 00:00:03]} 27. Qc3 {[%clk 00:27:23]}
{[%emt 00:00:19]} Qxc3 {[%clk 00:32:20]} {[%emt 00:01:28]} 28. Nxc3 {[%clk
00:27:52]} {[%emt 00:00:02]} Bb4 {[%clk 00:31:53]} {[%emt 00:00:56]} 29. Ne4
{[%clk 00:27:47]} {[%emt 00:00:35]} h5 {[%clk 00:26:25]} {[%emt 00:05:58]} 30.
Kf1 {[%clk 00:26:55]} {[%emt 00:01:22]} Nd6 {[%clk 00:23:42]} {[%emt 00:03:13]}
31. Nxd6 {[%clk 00:25:46]} {[%emt 00:01:40]} Bxd6 {[%clk 00:24:01]} {[%emt
00:00:10]} 32. Ke2 {[%clk 00:25:44]} {[%emt 00:00:32]} Kf8 {[%clk 00:21:29]}
{[%emt 00:03:02]} 33. a5 {[%clk 00:25:11]} {[%emt 00:01:03]} Bc7 {[%clk
00:11:29]} {[%emt 00:10:31]} 34. d6 {[%clk 00:23:12]} {[%emt 00:02:28]} Bxd6
{[%clk 00:06:13]} {[%emt 00:05:47]} 35. axb6 {[%clk 00:23:33]} {[%emt
00:00:09]} axb6 {[%clk 00:06:38]} {[%emt 00:00:05]} 36. Bxb6 {[%clk 00:23:56]}
{[%emt 00:00:06]} Bb8 {[%clk 00:06:22]} {[%emt 00:00:46]} 37. Kd3 {[%clk
00:21:18]} {[%emt 00:03:08]} Ke7 {[%clk 00:06:46]} {[%emt 00:00:06]} 38. Kc4
{[%clk 00:21:01]} {[%emt 00:00:47]} Kd6 {[%clk 00:05:07]} {[%emt 00:02:10]} 39.
Bc5+ {[%clk 00:20:28]} {[%emt 00:01:02]} Ke6 {[%clk 00:05:07]} {[%emt
00:00:30]} 40. b6 {[%clk 00:43:55]} {[%emt 00:07:04]} f5 {[%clk 00:34:03]}
{[%emt 00:01:33]} 41. Be3 {[%clk 00:34:05]} {[%emt 00:10:19]} Kd6 {[%clk
00:28:47]} {[%emt 00:05:47]} 42. Bg5 {[%clk 00:27:58]} {[%emt 00:06:36]} Kc6
{[%clk 00:28:32]} {[%emt 00:00:46]} 43. Bd8 {[%clk 00:27:57]} {[%emt 00:00:32]}
e4 {[%clk 00:21:48]} {[%emt 00:07:14]} 44. fxe4 {[%clk 00:27:55]} {[%emt
00:00:32]} fxe4 {[%clk 00:20:59]} {[%emt 00:01:19]} 45. Kd4 {[%clk 00:26:38]}
{[%emt 00:01:46]} e3 {[%clk 00:19:15]} {[%emt 00:02:15]} 46. Kxe3 {[%clk
00:26:44]} {[%emt 00:00:24]} Bxh2 {[%clk 00:19:37]} {[%emt 00:00:08]} 47. Ke4
{[%clk 00:22:41]} {[%emt 00:04:32]} Bg3 {[%clk 00:12:58]} {[%emt 00:07:08]} 48.
Bc7 {[%clk 00:20:51]} {[%emt 00:02:20]} Be1 {[%clk 00:12:27]} {[%emt 00:01:02]}
49. Ke5 {[%clk 00:20:46]} {[%emt 00:00:34]} g5 {[%clk 00:12:19]} {[%emt
00:00:39]} 50. Kf5 {[%clk 00:20:28]} {[%emt 00:00:43]} Bd2 {[%clk 00:12:17]}
{[%emt 00:00:35]} 51. Kg6 {[%clk 00:16:28]} {[%emt 00:04:30]} h4 {[%clk
00:10:55]} {[%emt 00:01:53]} 52. Kf5 {[%clk 00:16:40]} {[%emt 00:00:19]} Be3
{[%clk 00:09:52]} {[%emt 00:01:33]} 53. Bd8 {[%clk 00:16:29]} {[%emt 00:00:40]}
Kb7 {[%clk 00:09:34]} {[%emt 00:00:49]} 54. Bxg5 {[%clk 00:12:52]} {[%emt
00:04:07]} Bxb6 {[%clk 00:09:45]} {[%emt 00:00:20]} 55. Bxh4 {[%clk 00:13:07]}
{[%emt 00:00:15]} Kc6 {[%clk 00:09:34]} {[%emt 00:00:40]} 56. g4 {[%clk
00:12:08]} {[%emt 00:01:29]} Kd7 {[%clk 00:07:27]} {[%emt 4541:02:45]} 57. Kg6
{[%clk 00:09:17]} {[%emt 00:03:21]} Ke8 {[%clk 00:07:45]} {[%emt 00:00:11]} 58.
Bg5 {[%clk 00:08:08]} {[%emt 00:01:39]} Kf8 {[%clk 00:07:23]} {[%emt 00:00:53]}
59. Kh7 {[%clk 00:08:29]} {[%emt 00:00:09]} Kf7 {[%clk 00:07:32]} {[%emt
00:00:21]} 60. Bf4 {[%clk 00:07:21]} {[%emt 00:01:37]} Bd8 {[%clk 00:07:54]}
{[%emt 00:00:08]} 61. Kh6 {[%clk 00:05:48]} {[%emt 00:02:03]} Kg8 {[%clk
00:07:52]} {[%emt 00:00:33]} 62. Bg5 {[%clk 00:05:49]} {[%emt 00:00:29]} Ba5
{[%clk 00:08:09]} {[%emt 00:00:13]} 1/2-1/2